Embedded real-time systems : concepts, design and programming black book (Record no. 212335)

MARC details
000 -LEADER
fixed length control field 00533nam a2200181Ia 4500
008 - FIXED-LENGTH DATA ELEMENTS--GENERAL INFORMATION
fixed length control field 231221s9999 xx 000 0 und d
020 ## - INTERNATIONAL STANDARD BOOK NUMBER
International Standard Book Number 9790000000000
041 ## - LANGUAGE CODE
Language code of text/sound track or separate title English
082 ## - DEWEY DECIMAL CLASSIFICATION NUMBER
Classification number 621.38195 PRA;12
100 ## - MAIN ENTRY--PERSONAL NAME
Personal name Prasad, K V K K.
245 #0 - TITLE STATEMENT
Title Embedded real-time systems : concepts, design and programming black book
260 ## - PUBLICATION, DISTRIBUTION, ETC.
Date of publication, distribution, etc. 2010
Name of publisher, distributor, etc. Dreamtech press
Place of publication, distribution, etc. New Delhi
300 ## - PHYSICAL DESCRIPTION
Extent 639
300 ## - PHYSICAL DESCRIPTION
Dimensions 76670
500 ## - GENERAL NOTE
General note Content page available.
650 ## - SUBJECT ADDED ENTRY--TOPICAL TERM
Topical term or geographic name entry element Embedded,real-time,concepts,,programming,black
942 ## - ADDED ENTRY ELEMENTS (KOHA)
Koha item type Compact Disks
Holdings
Date last seen Total checkouts Full call number Accession number Date due Date last checked out Uniform resource identifier Price effective from Category Lost status Damaged status Department Withdrawn status Home library Current library Shelving location Entry date Vendor Grants Billnumber Billdate Currency symbol Conversion rate Discount Old discount
02/04/2024 1 621.38195 PRA;12 CD5440 14/02/2015 02/04/2024 digital/contents/44365.pdf 26/01/2024 Compact Disks     Information Science   Central Library RFID Kiosk Information Science   Book Paradise IS 62162 19/06/2015 RS 1    

© For any Suggestions or Query, please contact the library staff @ librarian@pes.edu or Phone: +9180 2672 1983/ 2108.